[Event "GRE-chT 37th"]
[Site "Kallithea"]
[Date "2009.07.09"]
[Round "9"]
[White "Dalaklis, Georgios"]
[Black "Kanakaris, Georgios"]
[Result "1-0"]
[WhiteElo "2179"]
[BlackElo "2377"]
[PlyCount "103"]
[EventDate "2009.07.03"]
[EventType "team-tourn"]
[EventRounds "9"]
[EventCountry "GRE"]
[SourceTitle "CBM 131 Extra"]
[Source "ChessBase"]
[SourceDate "2009.09.03"]
[SourceVersion "2"]
[SourceVersionDate "2009.09.16"]
[SourceQuality "1"]

1. c4 Nf6 2. g3 g6 3. Bg2 Bg7 4. Nc3 0-0 5. d4 d6 6. Nf3 Nbd7 7. 0-0 e5 8. h3 c6 9. e4 Qb6 10. b3 exd4 11. Na4 Qa5 12. Nxd4 Re8 13. Re1 Nc5 14. Bd2 Qd8 15. Nxc5 dxc5 16. Nc2 Nh5 17. Rc1 Be6 18. g4 Nf6 19. f4 Qc7 20. Qf3 Bc8 21. Re2 h5 22. g5 Nh7 23. Qf2 b6 24. e5 a5 25. a4 Nf8 26. Rce1 Bf5 27. Bc3 Bxc2 28. Rxc2 Ne6 29. Be4 Rab8 30. Qf3 Rec8 31. Rg2 Qe7 32. Rf1 b5 33. axb5 cxb5 34. cxb5 Rxb5 35. Bd5 Nd4 36. Bxd4 cxd4 37. Qe4 Rd8 38. Bc4 Rb4 39. Ra1 Qc5 40. Qd3 Ra8 41. Rc1 Qa7 42. Re1 a4 43. e6 Rxc4 44. bxc4 a3 45. Ra2 Qe7 46. Qf3 Ra7 47. Qd5 fxe6 48. Rxe6 Qf7 49. f5 Rb7 50. Rxa3 Rb1+ 51. Kg2 Rb2+ 52. Kg3 1-0

[Event "Kalamaria op 5th"]
[Site "Kalamaria"]
[Date "2008.08.04"]
[Round "3"]
[White "Andriasian, Zaven"]
[Black "Dalaklis, Georgios"]
[Result "1-0"]
[WhiteElo "2533"]
[BlackElo "2186"]
[PlyCount "37"]
[EventDate "2008.08.02"]
[EventType "swiss"]
[EventRounds "9"]
[EventCountry "GRE"]
[SourceTitle "CBM 126 Extra"]
[Source "ChessBase"]
[SourceDate "2008.11.05"]
[SourceVersion "1"]
[SourceVersionDate "2008.11.05"]
[SourceQuality "1"]

1. e4 d6 2. d4 Nf6 3. Nc3 Nbd7 4. g4 h6 5. f3 c6 6. Be3 b5 7. Qd2 Qa5 8. h4 Bb7 9. Nh3 0-0-0 10. a3 e5 11. b4 Qc7 12. d5 a6 13. dxc6 Bxc6 14. a4 bxa4 15. Bxa6+ Kb8 16. b5 Nc5 17. bxc6 Nxa6 18. Rb1+ Kc8 19. Nb5 1-0

[Event "Kalamaria op 5th"]
[Site "Kalamaria"]
[Date "2008.08.03"]
[Round "2"]
[White "Dalaklis, Georgios"]
[Black "Bojkov, Dejan"]
[Result "1-0"]
[WhiteElo "2186"]
[BlackElo "2498"]
[PlyCount "69"]
[EventDate "2008.08.02"]
[EventType "swiss"]
[EventRounds "9"]
[EventCountry "GRE"]
[SourceTitle "CBM 126 Extra"]
[Source "ChessBase"]
[SourceDate "2008.11.05"]
[SourceVersion "1"]
[SourceVersionDate "2008.11.05"]
[SourceQuality "1"]

1. g3 e5 2. c4 Nf6 3. Bg2 d5 4. cxd5 Nxd5 5. Nf3 Nc6 6. 0-0 Nb6 7. d3 Be7 8. Nbd2 0-0 9. a3 a5 10. b3 Be6 11. Bb2 f6 12. Qc2 Qd7 13. Rfd1 Rfc8 14. e3 Bf8 15. d4 exd4 16. Nxd4 Nxd4 17. Bxd4 c5 18. Bc3 Qf7 19. Rab1 Rc7 20. Be4 Kh8 21. h4 a4 22. bxa4 Nxa4 23. Ba1 Bg4 24. Bxh7 Bxd1 25. Rxd1 Rd7 26. Bg6 Qd5 27. Be4 Qd6 28. Bf5 Re7 29. Qc4 g6 30. Bxg6 Bg7 31. Qg4 Qe6 32. Bf5 Qf7 33. Ne4 c4 34. Nd6 Qf8 35. Qg6 1-0

[Event "GRE-chT 36th"]
[Site "Kallithea"]
[Date "2008.07.06"]
[Round "1.3"]
[White "Vragoteris, Antonios"]
[Black "Dalaklis, Georgios"]
[Result "0-1"]
[WhiteElo "2290"]
[BlackElo "2186"]
[PlyCount "88"]
[EventDate "2008.07.06"]
[EventType "team-tourn"]
[EventRounds "7"]
[EventCountry "GRE"]
[SourceTitle "CBM 125 Extra"]
[Source "ChessBase"]
[SourceDate "2008.09.01"]
[SourceVersion "1"]
[SourceVersionDate "2008.09.01"]
[SourceQuality "1"]

1. d4 d6 2. e4 Nf6 3. Nc3 Nbd7 4. Bc4 e5 5. Nf3 Be7 6. 0-0 0-0 7. a4 c6 8. Re1 b6 9. Bg5 a6 10. Qe2 Bb7 11. Rad1 Qc7 12. dxe5 Nxe5 13. Bb3 b5 14. Nxe5 dxe5 15. Rd3 Rad8 16. Rg3 Kh8 17. Qf3 b4 18. Nd1 c5 19. Bxf6 Bxf6 20. Ne3 Bc8 21. Bd5 Bh4 22. Rg4 Bxg4 23. Nxg4 Qe7 24. g3 Bf6 25. h4 Rd6 26. Ne3 g6 27. Nc4 Rdd8 28. h5 Bg5 29. Kg2 Kg7 30. Rh1 f5 31. hxg6 hxg6 32. Nb6 Qf6 33. a5 fxe4 34. Qe2 Rd6 35. Rf1 Qf3+ 36. Qxf3 exf3+ 37. Bxf3 Rd2 38. Re1 Rxc2 39. b3 Bf6 40. Nc4 Rc3 41. Rd1 Rd8 42. Rxd8 Bxd8 43. Bb7 Rxb3 44. Bxa6 Bxa5 0-1

[Event "GRE-chT 35th"]
[Site "Ermioni Argolidas"]
[Date "2006.07.10"]
[Round "9"]
[White "Mastrovasilis, Dimitrios"]
[Black "Dalaklis, Georgios"]
[Result "1-0"]
[WhiteElo "2567"]
[BlackElo "2178"]
[PlyCount "75"]
[EventDate "2006.07.03"]
[EventType "team"]
[EventRounds "9"]
[EventCountry "GRE"]
[SourceTitle "CBM 113 Extra"]
[Source "ChessBase"]
[SourceDate "2006.09.14"]
[SourceVersion "1"]
[SourceVersionDate "2006.09.14"]
[SourceQuality "1"]

1. e4 d6 2. d4 g6 3. Nc3 Bg7 4. f4 Nf6 5. Nf3 c5 6. Bb5+ Bd7 7. e5 Ng4 8. Bxd7+ Qxd7 9. d5 dxe5 10. h3 e4 11. hxg4 exf3 12. Qxf3 Na6 13. Bd2 0-0-0 14. 0-0-0 Nc7 15. Be1 f5 16. gxf5 gxf5 17. Kb1 Qd6 18. g4 Rhf8 19. gxf5 Rxf5 20. Qh3 Qd7 21. d6 Bxc3 22. Bxc3 exd6 23. Rxd6 Qxd6 24. Qxf5+ Ne6 25. b3 Rf8 26. Qh3 Qd7 27. Qe3 Rf7 28. Be5 Qd5 29. Rg1 b6 30. Qe2 Kb7 31. Rd1 Qc6 32. Rd6 Qh1+ 33. Kb2 Nc7 34. a4 a5 35. Rd1 Qc6 36. Rd6 Qh1 37. Qd3 Re7 38. Rd7 1-0

[Event "GRE-chT 35th"]
[Site "Ermioni Argolidas"]
[Date "2006.07.07"]
[Round "5"]
[White "Dalaklis, Georgios"]
[Black "Nikolaidis, Ioannis"]
[Result "0-1"]
[WhiteElo "2178"]
[BlackElo "2538"]
[PlyCount "82"]
[EventDate "2006.07.03"]
[EventType "team"]
[EventRounds "9"]
[EventCountry "GRE"]
[SourceTitle "CBM 113 Extra"]
[Source "ChessBase"]
[SourceDate "2006.09.14"]
[SourceVersion "1"]
[SourceVersionDate "2006.09.14"]
[SourceQuality "1"]

1. c4 e5 2. g3 Nf6 3. Bg2 c6 4. d4 e4 5. Nc3 d5 6. cxd5 cxd5 7. Bg5 Bb4 8. Rc1 0-0 9. Qb3 Bxc3+ 10. Rxc3 Nbd7 11. Nh3 h6 12. Bf4 Nb6 13. Bc7 Qe7 14. Bxb6 axb6 15. 0-0 Qd6 16. Rfc1 Bg4 17. f3 Bd7 18. Nf2 exf3 19. exf3 Ra4 20. Rd3 Rfa8 21. a3 b5 22. Rd2 b4 23. axb4 Rxb4 24. Qe3 Re8 25. Qd3 Qb6 26. Bf1 Bb5 27. Qc3 Bxf1 28. Rxf1 Rb3 29. Qc5 Qe6 30. Nd1 Rxf3 31. Rxf3 Qe1+ 32. Rf1 Qxd2 33. Nf2 Qxb2 34. Nd3 Qd2 35. Nf4 Qe3+ 36. Kh1 Ra8 37. Qb4 Ra2 38. Qxb7 Qe4+ 39. Kg1 Qxd4+ 40. Kh1 Qe4+ 41. Kg1 g5 0-1

[Event "GRE-chT 35th"]
[Site "Ermioni Argolidas"]
[Date "2006.07.05"]
[Round "3"]
[White "Dalaklis, Georgios"]
[Black "Antoniou, Antonis"]
[Result "1-0"]
[WhiteElo "2178"]
[BlackElo "2179"]
[PlyCount "85"]
[EventDate "2006.07.03"]
[EventType "team"]
[EventRounds "9"]
[EventCountry "GRE"]
[SourceTitle "CBM 113 Extra"]
[Source "ChessBase"]
[SourceDate "2006.09.14"]
[SourceVersion "1"]
[SourceVersionDate "2006.09.14"]
[SourceQuality "1"]

1. c4 g6 2. Nc3 Bg7 3. g3 Nf6 4. Bg2 c5 5. a3 Nc6 6. Rb1 d6 7. Nf3 Bf5 8. d3 Qd7 9. h3 Nd4 10. Nh4 Be6 11. Qa4 Qxa4 12. Nxa4 Rb8 13. b4 cxb4 14. axb4 0-0 15. e3 Nc6 16. f4 Rfc8 17. b5 Nd8 18. Bb2 d5 19. Be5 Ra8 20. c5 Nd7 21. Bxg7 Kxg7 22. d4 a6 23. g4 f5 24. gxf5 gxf5 25. Rg1 Kh8 26. Bf1 axb5 27. Bxb5 Nc6 28. Rg5 Rg8 29. Nf3 h6 30. Rxg8+ Rxg8 31. Bxc6 bxc6 32. Rb7 Ra8 33. Nb6 Ra1+ 34. Kd2 Nf6 35. Rxe7 Ne4+ 36. Kc2 Rf1 37. Ne5 Rf2+ 38. Kb3 Re2 39. Rxe6 Rxe3+ 40. Kb4 Re1 41. Nxc6 Rb1+ 42. Ka3 Ra1+ 43. Kb2 1-0

[Event "Aegean op 27th"]
[Site "Aghios Kirykos"]
[Date "2004.07.20"]
[Round "9"]
[White "Lymar, Irina"]
[Black "Dalaklis, Georgios"]
[Result "1-0"]
[WhiteElo "2350"]
[BlackElo "2186"]
[PlyCount "71"]
[EventDate "2004.07.13"]
[EventType "swiss"]
[EventRounds "9"]
[EventCountry "GRE"]
[SourceTitle "CBM 101 Extra"]
[Source "ChessBase"]
[SourceDate "2004.09.01"]
[SourceVersion "2"]
[SourceVersionDate "2004.09.01"]
[SourceQuality "1"]

1. d4 d6 2. Nf3 g6 3. c4 Bg7 4. g3 Nd7 5. Bg2 e5 6. Nc3 Ne7 7. 0-0 0-0 8. dxe5 Nxe5 9. Nxe5 Bxe5 10. Bg5 Be6 11. Nd5 Bxd5 12. cxd5 f5 13. Qd2 Qd7 14. Rac1 Kh8 15. Rc2 Ng8 16. Rfc1 Rf7 17. b3 Rc8 18. Qb4 b6 19. Qc4 h6 20. Bd2 f4 21. gxf4 Bg7 22. Qd3 g5 23. fxg5 Qg4 24. Rc4 Qh5 25. Bf3 Qh3 26. Bg4 Qxd3 27. exd3 Rcf8 28. Be3 hxg5 29. Rxc7 Be5 30. Be6 Rf6 31. Rxa7 Rh6 32. h3 Nf6 33. Rcc7 Rg6 34. Bxb6 Rh6 35. Be3 Ne8 36. Rc8 1-0

[Event "Aegean op 27th"]
[Site "Aghios Kirykos"]
[Date "2004.07.18"]
[Round "7"]
[White "Stoumbos, Konstantinos"]
[Black "Dalaklis, Georgios"]
[Result "0-1"]
[WhiteElo "2124"]
[BlackElo "2186"]
[PlyCount "62"]
[EventDate "2004.07.13"]
[EventType "swiss"]
[EventRounds "9"]
[EventCountry "GRE"]
[SourceTitle "CBM 101 Extra"]
[Source "ChessBase"]
[SourceDate "2004.09.01"]
[SourceVersion "2"]
[SourceVersionDate "2004.09.01"]
[SourceQuality "1"]

1. e4 d6 2. d4 Nf6 3. Nc3 g6 4. f4 Bg7 5. Nf3 c5 6. Bb5+ Bd7 7. e5 Ng4 8. Bxd7+ Qxd7 9. d5 dxe5 10. h3 e4 11. hxg4 exf3 12. Qxf3 Na6 13. Bd2 0-0-0 14. 0-0-0 Nb4 15. Be3 Bxc3 16. bxc3 Nxa2+ 17. Kb2 Qb5+ 18. Kxa2 Rd6 19. Bc1 Qc4+ 20. Kb1 Rb6+ 21. Bb2 Qb5 22. Kc1 Qxb2+ 23. Kd2 Rd6 24. Ra1 Rhd8 25. c4 Qd4+ 26. Qd3 Qxf4+ 27. Kc3 Qe5+ 28. Kd2 Kb8 29. Rae1 Qg5+ 30. Kc3 e6 31. Rxh7 Qf6+ 0-1

[Event "GRE-ch U18"]
[Site "Greece"]
[Date "2002.04.29"]
[Round "3.1"]
[White "Kazantzidis, Panagiotis"]
[Black "Dalaklis, Georgios"]
[Result "0-1"]
[WhiteElo "1925"]
[BlackElo "2105"]
[PlyCount "90"]
[EventDate "2002.??.??"]
[EventType "swiss"]
[EventRounds "6"]
[EventCountry "GRE"]
[SourceTitle "EXT 2004"]
[Source "ChessBase"]
[SourceDate "2003.11.25"]
[SourceVersion "1"]
[SourceVersionDate "2003.11.25"]
[SourceQuality "1"]

1. d4 e6 2. c4 b6 3. Nc3 Bb7 4. a3 f5 5. Nf3 Nf6 6. Bf4 Be7 7. e3 0-0 8. Bd3 Nh5 9. Bg3 d6 10. Nd2 Qe8 11. f3 Nxg3 12. hxg3 e5 13. dxe5 dxe5 14. Qc2 g6 15. g4 fxg4 16. Be4 Nc6 17. Nd5 Bd8 18. 0-0-0 Kg7 19. fxg4 Rc8 20. Rh3 Ne7 21. Nxe7 Bxe4 22. Qxe4 Qxe7 23. Nf3 Re8 24. Rd5 Qf7 25. g5 c6 26. Rxe5 Bc7 27. Rxe8 Rxe8 28. Qd4+ Kg8 29. Nd2 Rd8 30. Qc3 Qe7 31. e4 Bf4 32. Rd3 Qxg5 33. Rxd8+ Qxd8 34. Kc2 Qxd2+ 35. Qxd2 Bxd2 36. Kxd2 Kf7 37. Ke3 Kf6 38. Kf4 g5+ 39. Kf3 h5 40. b4 a6 41. a4 b5 42. cxb5 cxb5 43. axb5 axb5 44. g3 Ke5 45. Ke3 h4 0-1

[Event "GRE-ch U18"]
[Site "Greece"]
[Date "2002.04.28"]
[Round "2.1"]
[White "Dalaklis, Georgios"]
[Black "Diapetis, Alexandros"]
[Result "1-0"]
[WhiteElo "2143"]
[BlackElo "2095"]
[PlyCount "57"]
[EventDate "2002.??.??"]
[EventType "swiss"]
[EventRounds "6"]
[EventCountry "GRE"]
[SourceTitle "EXT 2004"]
[Source "ChessBase"]
[SourceDate "2003.11.25"]
[SourceVersion "1"]
[SourceVersionDate "2003.11.25"]
[SourceQuality "1"]

1. e4 c6 2. d4 d5 3. exd5 cxd5 4. c4 Nf6 5. Nc3 e6 6. Nf3 Bb4 7. Bd3 Nc6 8. 0-0 Be7 9. a3 dxc4 10. Bxc4 0-0 11. Re1 b6 12. Qd3 Bb7 13. Ba2 Rc8 14. Bg5 Nd5 15. h4 Nf6 16. Rad1 g6 17. d5 Nxd5 18. Nxd5 exd5 19. Bxd5 Bxg5 20. Nxg5 Qf6 21. Ne4 Qf4 22. Nd6 Ne5 23. Qe2 Bxd5 24. Rxd5 Ng4 25. g3 Qa4 26. Nxc8 Rxc8 27. b3 Qc6 28. Qxg4 Qxd5 29. Qxc8+ 1-0

[Event "GRE-ch U18"]
[Site "Greece"]
[Date "2002.04.27"]
[Round "1.2"]
[White "Kostopoulos, Evaggelos"]
[Black "Dalaklis, Georgios"]
[Result "0-1"]
[WhiteElo "1755"]
[BlackElo "2105"]
[PlyCount "74"]
[EventDate "2002.??.??"]
[EventType "swiss"]
[EventRounds "6"]
[EventCountry "GRE"]
[SourceTitle "EXT 2004"]
[Source "ChessBase"]
[SourceDate "2003.11.25"]
[SourceVersion "1"]
[SourceVersionDate "2003.11.25"]
[SourceQuality "1"]

1. e4 d5 2. exd5 Qxd5 3. Nc3 Qa5 4. d4 Nf6 5. Nf3 c6 6. Bc4 Bf5 7. Ne5 e6 8. g4 Bg6 9. h4 Nbd7 10. Nxd7 Kxd7 11. Bd2 Qb6 12. h5 Be4 13. Rh3 Qxd4 14. Bf4 Qxd1+ 15. Rxd1+ Bd5 16. g5 Ne8 17. Nxd5 exd5 18. Rhd3 Bd6 19. Bxd6 Nxd6 20. Bb3 Rhe8+ 21. Kf1 Re5 22. c4 Rxg5 23. cxd5 c5 24. Rg3 Rxg3 25. fxg3 Re8 26. Kf2 Re5 27. g4 Ne4+ 28. Kf3 Kd6 29. Bc2 Nf6 30. a3 h6 31. b4 Rxd5 32. Rb1 c4 33. a4 Rd2 34. Be4 Nxe4 35. Kxe4 c3 36. Rb3 Rb2 37. Rxc3 Rxb4+ 0-1

[Event "GRE-ch U16"]
[Site "Greece"]
[Date "2001.04.10"]
[Round "5"]
[White "Dalaklis, Georgios"]
[Black "Kokkinakis, Manousos"]
[Result "1-0"]
[WhiteElo "2155"]
[BlackElo "1835"]
[PlyCount "53"]
[EventDate "2001.04.??"]
[EventType "swiss"]
[EventRounds "7"]
[EventCountry "GRE"]
[SourceTitle "EXT 2003"]
[Source "ChessBase"]
[SourceDate "2002.11.25"]
[SourceVersion "1"]
[SourceVersionDate "2002.11.25"]
[SourceQuality "1"]

1. e4 e5 2. Nf3 Nc6 3. Bb5 a6 4. Ba4 Nf6 5. 0-0 b5 6. Bb3 Be7 7. Re1 d6 8. c3 0-0 9. h3 Na5 10. Bc2 c5 11. d4 Qc7 12. Nbd2 Bb7 13. d5 Rfe8 14. b3 Bf8 15. Nf1 h6 16. Ng3 g6 17. Nh2 Bc8 18. Ng4 Nxg4 19. hxg4 Bg7 20. Be3 Qe7 21. f3 Rf8 22. Qd2 h5 23. gxh5 f5 24. Bg5 Qe8 25. hxg6 f4 26. Nf5 Qxg6 27. Ne7+ 1-0

[Event "GRE-ch U16"]
[Site "Greece"]
[Date "2001.04.08"]
[Round "3"]
[White "Dalaklis, Georgios"]
[Black "Hatzitheodorou, Stauros"]
[Result "1-0"]
[WhiteElo "2155"]
[BlackElo "1655"]
[PlyCount "47"]
[EventDate "2001.04.??"]
[EventType "swiss"]
[EventRounds "7"]
[EventCountry "GRE"]
[SourceTitle "EXT 2003"]
[Source "ChessBase"]
[SourceDate "2002.11.25"]
[SourceVersion "1"]
[SourceVersionDate "2002.11.25"]
[SourceQuality "1"]

1. e4 e6 2. d4 d5 3. exd5 exd5 4. c4 Qe7+ 5. Be3 Qb4+ 6. Nc3 dxc4 7. Qd2 b5 8. a4 c6 9. d5 Bb7 10. dxc6 Bxc6 11. Rd1 Be7 12. Bd4 Nf6 13. axb5 Bxb5 14. Qg5 0-0 15. Qxb5 Re8 16. Be2 Nbd7 17. Nf3 a5 18. 0-0 Rab8 19. Qxc4 Qxc4 20. Bxc4 Rxb2 21. Ng5 Rf8 22. Nd5 Nxd5 23. Bxb2 Bxg5 24. Rxd5 1-0

[Event "GRE-ch U16"]
[Site "Greece"]
[Date "2001.04.08"]
[Round "2"]
[White "Papathanasiou, Antonios"]
[Black "Dalaklis, Georgios"]
[Result "1/2-1/2"]
[WhiteElo "1805"]
[BlackElo "2155"]
[PlyCount "87"]
[EventDate "2001.04.??"]
[EventType "swiss"]
[EventRounds "7"]
[EventCountry "GRE"]
[SourceTitle "EXT 2003"]
[Source "ChessBase"]
[SourceDate "2002.11.25"]
[SourceVersion "1"]
[SourceVersionDate "2002.11.25"]
[SourceQuality "1"]

1. d4 Nf6 2. Nf3 e6 3. Bg5 c5 4. c3 b6 5. e3 Ba6 6. Bxa6 Nxa6 7. Qd3 Nc7 8. a4 d5 9. Nbd2 Be7 10. Ne5 h6 11. Bh4 0-0 12. 0-0 c4 13. Qc2 Qe8 14. e4 Nh5 15. Bxe7 Qxe7 16. exd5 exd5 17. Rfe1 Qd6 18. g3 Rab8 19. Qf5 Nf6 20. Nf1 a6 21. Ne3 b5 22. Reb1 b4 23. Qc2 Rb6 24. N3xc4 dxc4 25. Nxc4 Qc6 26. Nxb6 Qxb6 27. cxb4 Ncd5 28. Qc5 Qe6 29. b5 Qh3 30. Qc2 Rc8 31. Qe2 Ng4 32. f3 Nge3 33. Rc1 Ra8 34. bxa6 Rxa6 35. Re1 Re6 36. Qf2 Qf5 37. a5 Qd3 38. a6 Rxa6 39. Rxa6 Qxa6 40. Rxe3 Nxe3 41. Qxe3 Qa1+ 42. Kg2 Qxb2+ 43. Kh3 Qb5 44. Qe5 1/2-1/2

[Event "GRE-ch U16"]
[Site "Niforeika"]
[Date "2000.04.26"]
[Round "6.2"]
[White "Dalaklis, Georgios"]
[Black "Diapetis, Alexandros"]
[Result "1-0"]
[WhiteElo "1980"]
[BlackElo "1815"]
[PlyCount "69"]
[EventDate "2000.??.??"]
[EventType "swiss"]
[EventRounds "7"]
[EventCountry "GRE"]
[SourceTitle "EXT 2004"]
[Source "ChessBase"]
[SourceDate "2003.11.25"]
[SourceVersion "1"]
[SourceVersionDate "2003.11.25"]
[SourceQuality "1"]

1. e4 c5 2. Nf3 Nc6 3. d4 cxd4 4. Nxd4 Nf6 5. Nc3 e5 6. Ndb5 d6 7. Bg5 a6 8. Na3 b5 9. Bxf6 gxf6 10. Nd5 f5 11. c3 Bg7 12. exf5 Bxf5 13. Nc2 0-0 14. Nce3 Be6 15. g3 Rb8 16. Bg2 Qd7 17. 0-0 f5 18. f4 b4 19. Qd2 bxc3 20. bxc3 Rb5 21. Rad1 Rfb8 22. Qe2 a5 23. Rd2 Rb1 24. Qd3 R1b2 25. Rfd1 e4 26. Qa6 Rxd2 27. Rxd2 Kf7 28. Qe2 Rb1+ 29. Bf1 Qa7 30. Kg2 Kg8 31. Qc4 Qd7 32. Qxc6 Qxc6 33. Ne7+ Kf7 34. Nxc6 Bxc3 35. Rxd6 1-0

[Event "GRE-ch U16"]
[Site "Niforeika"]
[Date "2000.04.25"]
[Round "5.1"]
[White "Kadiltzoglou, Pashal"]
[Black "Dalaklis, Georgios"]
[Result "1-0"]
[WhiteElo "1915"]
[BlackElo "1980"]
[PlyCount "57"]
[EventDate "2000.??.??"]
[EventType "swiss"]
[EventRounds "7"]
[EventCountry "GRE"]
[SourceTitle "EXT 2004"]
[Source "ChessBase"]
[SourceDate "2003.11.25"]
[SourceVersion "1"]
[SourceVersionDate "2003.11.25"]
[SourceQuality "1"]

1. d4 Nf6 2. c4 e6 3. Nf3 b6 4. a3 Ba6 5. Qc2 Bb7 6. Nc3 c5 7. e4 cxd4 8. Nxd4 d6 9. Be2 a6 10. Be3 Be7 11. f4 Qc7 12. g4 Nfd7 13. g5 Nc6 14. h4 Nxd4 15. Bxd4 e5 16. Be3 f5 17. gxf6 Nxf6 18. Rg1 g6 19. fxe5 dxe5 20. 0-0-0 Nd7 21. h5 0-0-0 22. hxg6 hxg6 23. Rxg6 Rh3 24. Bg1 Rxc3 25. Qxc3 Bxe4 26. Rg7 Nc5 27. Bg4+ Kb7 28. Rxd8 Qxd8 29. Bxc5 1-0